Normal view
MARC view
Entry Topical Term
001 - CONTROL NUMBER
- control field: 83663
003 - CONTROL NUMBER IDENTIFIER
- control field: OSt
005 - DATE AND TIME OF LATEST TRANSACTION
- control field: 20260211154136.0
008 - FIXED-LENGTH DATA ELEMENTS
- fixed length control field: 260211|| aca||aabn | a|a d
040 ## - CATALOGING SOURCE
- Original cataloging agency: OSt
- Transcribing agency: OSt
150 ## - HEADING--TOPICAL TERM
- Topical term or geographic name entry element: Agriculture and related technologies
670 ## - SOURCE DATA FOUND
- Source citation: Work cat.: (OSt)68608: Singh, Dr. C.B. 83662, Handbook of Irrigation and Drainage Systems Management, Operation, and Maintenance, 2022









